00600nam a22001934a 450000500170000000800410001701000140005802000260007203500130009803700150011104000180012608200100014410000160015424500810017026000400025127000520029130000220034350000410036520050328093435.0030821s2004 wiua 001 0deng  aENG-92408 a9788180435321c400.00 aEN-75941 bDBAD / PUB adplbEnglish  a880.8 aPaul, S.K.  aGrammar and language in Elizabethan and romantic literature /cby S.K. Paul  aVaranasi bManish Parakashan c2007 aPlot No. 26, Rohit Nagar, BHUbVaranasie221005 a224p. c23cm (Hb) aIncludes bibliographical references